000 00974nam a2200253Ia 4500
003 GCL
008 140319s9999 xx 000 0 ara d
020 _a3706081977
040 _aGCL /
_cGCL
082 0 4 _a355.3432
_bف ح
100 1 _aفريد الفالوجى
245 1 0 _aحراس الهيكل الجزء الثالث : الفضائح :
_bعمليات الموساد الخارجية فى نصف قرن الخطف - الاغتيالات - الفضائح /
_cفريد الفالوجى
250 _aالاولى
260 _aالقاهرة :
_bأطلس للنشر والانتاج الاعلامى ،
_c2004
300 _a448 ص ؛
_c24 سم
650 0 4 _aالاغتيال
650 0 4 _aالجواسيس
650 0 4 _aالجاسوسية
650 0 4 _aالموساد
650 0 4 _aالمخابرات العسكرية - اسرائيل
650 0 4 _aالمخابرات - اسرائيل
650 0 4 _aالاغتيالات السياسية
942 _2ddc
_cBK
999 _c9365
_d9365